000 00309nam a22001457a 4500
003 SGT
082 _a615.535
_bY11S
100 _aSHARMA, CHANDRAVAN
245 _aYOGA EVAM NISARGOUPCHAR
250 _a1ST
260 _aVARANASI
_bCHAUKHAMBHA
_c2011
300 _a254
650 _aAYURVEDA
942 _2ddc
_cBK
999 _c11260
_d11260